| 000 | 00589nam a2200205 a 4500 | ||
|---|---|---|---|
| 005 | 20140311161034.0 | ||
| 008 | 110928s19uu xx 00 eng d | ||
| 020 | _a9780415492027 | ||
| 050 |
_aRJ 506.H9 _b.K493 2011 |
||
| 100 | _aKewley, Geoff | ||
| 245 |
_aAttention deficit hyperactivity disorder : _bwhat can teachers do? / _cGeoff Kewley. |
||
| 250 | _a3rd ed. | ||
| 260 |
_aLondon : _bRoutledge, _c2011. |
||
| 300 |
_a107 p. : _c30 cm. |
||
| 521 | _aEDU | ||
| 650 | _aAttention-deficit hyperactivity disorder | ||
| 942 |
_cBK _2lcc _kFOR |
||
| 999 |
_c24440 _d24440 |
||